Asamiya kabitar adhyayan (Record no. 9117)

MARC details
000 -LEADER
fixed length control field 00488cam a2200205ua 4500
001 - CONTROL NUMBER
control field 10128
005 - DATE AND TIME OF LATEST TRANSACTION
control field 20260515114554.0
008 - FIXED-LENGTH DATA ELEMENTS--GENERAL INFORMATION
fixed length control field 170331n ii |||gr||||Z||||||asm
020 ## - INTERNATIONAL STANDARD BOOK NUMBER
International Standard Book Number 9789381784525
040 ## - CATALOGING SOURCE
Transcribing agency MAIN
041 ## - LANGUAGE CODE
Language code of text/sound track or separate title asm
082 ## - DEWEY DECIMAL CLASSIFICATION NUMBER
Classification number 891.4511
100 ## - MAIN ENTRY--PERSONAL NAME
Personal name Nath, Deepen,
Relator term Author.
245 ## - TITLE STATEMENT
Title Asamiya kabitar adhyayan
Statement of responsibility, etc. By Deepen Nath
250 ## - EDITION STATEMENT
Edition statement 3rd ed.
260 ## - PUBLICATION, DISTRIBUTION, ETC.
Place of publication, distribution, etc. Jorhat:
Name of publisher, distributor, etc. Bidya bhawan,
Date of publication, distribution, etc. 2015.
300 ## - PHYSICAL DESCRIPTION
Extent 186p.
653 ## - INDEX TERM--UNCONTROLLED
Uncontrolled term Assamese language
942 ## - ADDED ENTRY ELEMENTS (KOHA)
Koha item type Books
Holdings
Withdrawn status Lost status Damaged status Not for loan Home library Current library Shelving location Date acquired Total checkouts Full call number Barcode Date last seen Date last checked out Copy number Price effective from Koha item type
        Naharkatiya College Library Naharkatiya College Library General stacks 09/19/2020 18 891.4511Assamese language | NAT 23725 02/23/2026 02/03/2026 1 09/19/2020 Books